000 00407nam a2200133Ia 4500
008 151001s9999||||xx |||||||||||||| ||und||
100 _aअरुण कुमार पाठक
245 _aसूर्य अक्षय ऊर्जा का स्त्रोत
250 _a1
260 _bसाक्षर प्रकाशन
260 _c2008
300 _a32
365 _b21
999 _c991582
_d991579